000 00985nam0a2200301 4500
001 RU\NLR\bibl\1319717
005 20250615160620.0
010 _a5-94278-342-Х
_9500
035 _a(NLR Aleph) 001305073
090 _a643726
_c643726
100 _a20080601d2005 |||y0rusy50 ca
101 0 _arus
102 _aRU
105 _ay |||||||||
200 1 _aЭрнст и Анна
_eповести
_fКсения Букша
210 _aСанкт-Петербург
_cГеликон+
_cАмфора
_d2005
215 _a222, [3] с.
_d21
225 1 _aНордвест
320 _aДр. кн. авт. на 4-й с. обл.
327 1 _aСодерж.: Эрнст и Анна; Тридцать лет и три года
686 _aШ6(2=Р)75-442
700 1 _aБукша
_bК. С.
_gКсения Сергеевна
_4070
801 0 _aRU
_bNLR
_c20080601
_gRCR
801 1 _aRU
_bNLR
_c20080601
942 _cBOOK
980 _aNB